[Event "4ème Open des Basses Vallées Angevines"]
[Site "Cantenay-Epinard"]
[Date "2015.12.19"]
[Round "2.23"]
[White "Leguillon, Jean-Paul"]
[Black "Bernardi, Pierre Yves"]
[Result "1-0"]
[WhiteElo "1446"]
[BlackElo "1180"]
[PlyCount "46"]
[EventDate "2015.12.??"]
[EventRounds "5"]
[WhiteTeam "Le Club d'Echecs des Basses Vallées Angevines"]
[BlackTeam "L'Echiquier Angevin"]

1. e4 e5 2. Nf3 Nc6 3. c3 Nf6 4. d3 d5 5. Qc2 Bc5 6. h3 h6 7. b4 Bb6 8. Bb2 Qd6
9. Be2 a6 10. O-O g5 11. d4 dxe4 12. dxe5 Nxe5 13. Nxe5 Qxe5 14. c4 Qe7 15. c5
Ba7 16. Nc3 c6 17. Rfe1 Bb8 18. Nxe4 Be5 19. Nxf6+ Qxf6 20. Bxe5 Qxe5 21. Bc4
f6 22. Rxe5+ fxe5 23. Qg6+ Kd7 1-0

[Event "4ème Open des Basses Vallées Angevines"]
[Site "Cantenay-Epinard"]
[Date "2015.12.19"]
[Round "2.24"]
[White "Giua, Marie"]
[Black "Giua, Louka"]
[Result "0-1"]
[WhiteElo "1380"]
[BlackElo "1169"]
[PlyCount "142"]
[EventDate "2015.12.??"]
[EventRounds "5"]
[WhiteTeam "Club d'Echecs d'Avoine"]
[BlackTeam "Club d'Echecs d'Avoine"]

1. e4 e5 2. Nf3 Nc6 3. Bc4 Bc5 4. c3 Nf6 5. d3 d6 6. Bb3 Be6 7. Bc2 O-O 8. Nbd2
Ne7 9. O-O c6 10. d4 exd4 11. cxd4 Bb4 12. a3 Bxd2 13. Bxd2 Qb6 14. Bc3 Ng6 15.
Kh1 Rfe8 16. Qd2 Bb3 17. Rae1 Bxc2 18. Qxc2 Re7 19. Re2 Nf4 20. Ree1 Rae8 21.
e5 dxe5 22. dxe5 Nd7 23. Qf5 Ng6 24. Re2 Qb5 25. Rfe1 f6 26. Nd4 Qd5 27. e6 Nc5
28. Qxd5 cxd5 29. Bb4 b6 30. g3 Nf8 31. Bxc5 bxc5 32. Nc6 Rc7 33. Na5 Rce7 34.
Nb3 Rxe6 35. Rxe6 Rxe6 36. Rd1 c4 37. Nd4 Rb6 38. Rd2 Nd7 39. Kg2 Kf7 40. f4
Nc5 41. Nf5 Nd3 42. Ne3 Rxb2 43. Rxb2 Nxb2 44. Nxd5 Ke6 45. Nc3 Kd6 46. Kf3 f5
47. Ke3 Kc5 48. Kd2 Kd4 49. Kc2 Nd3 50. Nb5+ Kc5 51. Nxa7 Ne1+ 52. Kc3 Nd3 53.
a4 Nb4 54. Nb5 Na2+ 55. Kb2 Nb4 56. Na3 Nd5 57. Nc2 Nb4 58. Ne3 Kd4 59. Nxf5+
Kd3 60. g4 c3+ 61. Kc1 Na2+ 62. Kb1 c2+ 63. Kxa2 c1=Q 64. Nd4 Qc4+ 65. Nb3
Qxa4+ 66. Kb2 Qb4 67. h4 Qc3+ 68. Ka3 Kc4 69. Ka2 Qxb3+ 70. Ka1 Kc3 71. f5 Qb2#
0-1

[Event "4ème Open des Basses Vallées Angevines"]
[Site "Cantenay-Epinard"]
[Date "2015.12.19"]
[Round "2.25"]
[White "Lebreton, Bertrand"]
[Black "Bouleau, Henry"]
[Result "1-0"]
[WhiteElo "1180"]
[BlackElo "1330"]
[PlyCount "113"]
[EventDate "2015.12.??"]
[EventRounds "5"]
[WhiteTeam "L'Echiquier Angevin"]
[BlackTeam "Le Club d'Echecs des Basses Vallées Angevines"]

1. e4 e6 2. d4 d5 3. e5 c5 4. Nf3 Nc6 5. Bb5 Bd7 6. c3 cxd4 7. cxd4 Nge7 8. O-O
Nf5 9. a3 Qb6 10. Bxc6 Bxc6 11. b4 a6 12. Be3 Nxe3 13. fxe3 Be7 14. Nfd2 Rf8
15. Qg4 g6 16. Nf3 O-O-O 17. Nbd2 Kb8 18. Ng5 Bxg5 19. Qxg5 Rd7 20. Nb3 Qd8 21.
Qh6 f6 22. Nc5 Re8 23. Rxf6 Rde7 24. Raf1 b6 25. Nd3 Bb5 26. Rd1 Bxd3 27. Rxd3
Qc7 28. Rf1 Rf7 29. Rxf7 Qxf7 30. Qf4 Qc7 31. Qf1 b5 32. h3 Kb7 33. Rd1 Rc8 34.
Qd3 Qc4 35. Kh2 Qc3 36. h4 Qc7 37. e4 dxe4 38. Qxe4+ Kb8 39. Qd3 Qg7 40. a4 Qb7
41. a5 Qe7 42. Qh3 Rc4 43. Qe3 Qxh4+ 44. Kg1 Qd8 45. d5 Rxb4 46. Qb6+ Qxb6+ 47.
axb6 exd5 48. Rxd5 Re4 49. Kf2 Kb7 50. Kf3 Re1 51. Rd7+ Kxb6 52. Re7 b4 53. Re8
Kc5 54. Kf4 Kd5 55. Rd8+ Ke6 56. Rd6+ Kf7 57. Rxa6 1-0

[Event "4ème Open des Basses Vallées Angevines"]
[Site "Cantenay-Epinard"]
[Date "2015.12.19"]
[Round "2.27"]
[White "Lepretre, Ludovic"]
[Black "Dimpre, Alexis"]
[Result "0-1"]
[WhiteElo "1115"]
[BlackElo "1280"]
[PlyCount "118"]
[EventDate "2015.12.??"]
[EventRounds "5"]
[WhiteTeam "La Cavale du Fou"]
[BlackTeam "L'Echiquier Angevin"]

1. d4 d5 2. Nc3 Bf5 3. e3 a6 4. Bd3 Qd7 5. e4 dxe4 6. Bxe4 Nf6 7. Bxb7 Qe6+ 8.
Qe2 Ra7 9. Qxe6 Bxe6 10. Bf3 Bf5 11. Nge2 e6 12. Bd2 Bxc2 13. O-O Bb4 14. a3
Bd6 15. d5 e5 16. Be3 Rb7 17. b4 e4 18. Nxe4 Bxe4 19. Bxe4 Nxe4 20. Bf4 Bxf4
21. Nxf4 O-O 22. Rfd1 Nc3 23. Rd2 Re8 24. Kf1 h6 25. Nh5 Rb5 26. Nf4 g5 27. Nh5
Rxd5 28. Nf6+ Kh8 29. Nxd5 Rd8 30. Rc1 Nxd5 31. g3 c6 32. h3 f5 33. f3 Re8 34.
Re1 Ne3+ 35. Kg1 f4 36. gxf4 gxf4 37. Rd6 Rg8+ 38. Kh1 h5 39. Rh6+ Kg7 40. Rxh5
Kf8 41. Rh4 Ng2 42. Rxf4+ Nxf4 43. Rg1 Rh8 44. Rg3 Ne2 45. Rg2 Rxh3+ 46. Rh2
Nf4 47. Rxh3 Nxh3 48. Kg2 Ng5 49. Kg3 Ke7 50. Kf4 Nxf3 51. Kxf3 Kd6 52. Ke3 Kd5
53. Kd3 Nd7 54. Kc3 Nb6 55. Kb3 Kd4 56. a4 Kd3 57. a5 Nd5 58. Ka4 Kc3 59. Ka3
Nxb4 0-1

[Event "4ème Open des Basses Vallées Angevines"]
[Site "Cantenay-Epinard"]
[Date "2015.12.19"]
[Round "2.28"]
[White "Pantenier, Bernard"]
[Black "Chauveau, Theo"]
[Result "0-1"]
[WhiteElo "1245"]
[BlackElo "1099"]
[PlyCount "76"]
[EventDate "2015.12.??"]
[EventRounds "5"]
[WhiteTeam "La Cavale du Fou"]
[BlackTeam "La Cavale du Fou"]

1. e4 e5 2. Nf3 Nc6 3. d4 d5 4. Nxe5 Nxe5 5. dxe5 dxe4 6. Qxd8+ Kxd8 7. Nc3 Bf5
8. Bg5+ f6 9. O-O-O+ Ke8 10. exf6 gxf6 11. Bf4 Nh6 12. Bxc7 Ng4 13. Bb5+ Kf7
14. Bg3 Bh6+ 15. Kb1 Bf4 16. f3 exf3 17. gxf3 Ne3 18. Bxf4 Bxc2+ 19. Kc1 Bxd1
20. Bxe3 Bxf3 21. Rf1 Bc6 22. Bc4+ Kg7 23. Rg1+ Kf8 24. Bc5+ Ke8 25. Rg8+ Rxg8
26. Bxg8 Kd7 27. Bb3 b6 28. Bf2 Re8 29. Kd2 f5 30. Bc2 Ke6 31. Bb3+ Ke5 32. Bc2
Re7 33. Nd1 f4 34. Nc3 Rd7+ 35. Bd3 h6 36. Kc2 Rg7 37. Bb5 Bxb5 38. Nxb5 Rg2
0-1

[Event "4ème Open des Basses Vallées Angevines"]
[Site "Cantenay-Epinard"]
[Date "2015.12.19"]
[Round "3.1"]
[White "Kollar, Romain"]
[Black "Peric, Slavisa"]
[Result "0-1"]
[WhiteElo "1936"]
[BlackElo "2183"]
[PlyCount "48"]
[EventDate "2015.12.??"]
[EventRounds "5"]
[WhiteTeam "Club d'Echecs de la Bruffière"]
[BlackTeam "CE Vitrolles"]

1. e4 e6 2. d4 d5 3. e5 c5 4. c3 Nc6 5. Nf3 Bd7 6. Be2 Nge7 7. O-O cxd4 8. cxd4
Nf5 9. Na3 Qb6 10. Nc2 a5 11. g4 Nfe7 12. Nfe1 Nb4 13. Nxb4 axb4 14. a3 Nc6 15.
Be3 bxa3 16. bxa3 Rxa3 17. Nc2 Rxa1 18. Qxa1 Be7 19. Rb1 Qc7 20. Qa8+ Nd8 21.
Na3 O-O 22. Nb5 Qc2 23. Re1 Bb4 24. Bd1 Qb2 0-1

[Event "4ème Open des Basses Vallées Angevines"]
[Site "Cantenay-Epinard"]
[Date "2015.12.19"]
[Round "3.2"]
[White "Salles, Louis"]
[Black "Le Pen, Steven"]
[Result "1-0"]
[WhiteElo "2166"]
[BlackElo "1967"]
[PlyCount "91"]
[EventDate "2015.12.??"]
[EventRounds "5"]
[WhiteTeam "Echiquier Tourangeau"]
[BlackTeam "Club d'Echecs de la Bruffière"]

1. e4 c5 2. Nf3 d6 3. d4 cxd4 4. Nxd4 Nf6 5. Nc3 Nc6 6. Bc4 e6 7. Be3 Be7 8.
Qe2 a6 9. O-O-O Nxd4 10. Bxd4 b5 11. Bb3 Bb7 12. f3 O-O 13. g4 Qa5 14. f4 b4
15. g5 Nd7 16. Nb1 e5 17. fxe5 Bxg5+ 18. Nd2 dxe5 19. Bf2 Nc5 20. Bxc5 Qxc5 21.
Kb1 a5 22. Nf3 Bf4 23. Bd5 Ba6 24. Qg2 Rac8 25. h4 Qb6 26. Rdg1 Qf6 27. b3 Rc3
28. Nd2 Rfc8 29. Nc4 Bxc4 30. bxc4 a4 31. Rh3 a3 32. Qg4 R8xc4 33. Bxc4 Rxc4
34. Qd7 h6 35. Rd3 Rxe4 36. Qe8+ Kh7 37. Rd8 Bg5 38. hxg5 hxg5 39. Rh1+ Rh4 40.
Rdd1 Rxh1 41. Rxh1+ Kg6 42. Qb5 Qf4 43. Qd3+ e4 44. Qc4 Qf3 45. Rf1 Qc3 46.
Qxf7+ 1-0

[Event "4ème Open des Basses Vallées Angevines"]
[Site "Cantenay-Epinard"]
[Date "2015.12.19"]
[Round "3.3"]
[White "Julien, Jules-Alois"]
[Black "Leblond, Georges"]
[Result "1-0"]
[WhiteElo "2022"]
[BlackElo "1350"]
[PlyCount "90"]
[EventDate "2015.12.??"]
[EventRounds "5"]
[WhiteTeam "Club d'Echecs de la Bruffière"]
[BlackTeam "L'Echiquier Angevin"]

1. e4 c6 2. d4 d5 3. e5 Bf5 4. Ne2 e6 5. Ng3 Bg6 6. h4 h5 7. Nd2 Nd7 8. Bd3
Bxd3 9. cxd3 Qc7 10. O-O g6 11. Nf3 Nh6 12. Bg5 Ng4 13. Rc1 Bh6 14. Re1 Bxg5
15. Nxg5 Nh6 16. Qa4 Qb6 17. Rc2 O-O 18. Re3 Nb8 19. Nh3 Na6 20. a3 Nc7 21. Rd2
Nb5 22. Qd1 Ng4 23. Rf3 Nxd4 24. Rf4 Nf5 25. Nxf5 exf5 26. d4 Qc7 27. g3 Rad8
28. Rf3 b6 29. b4 a6 30. Nf4 Rde8 31. Rc2 Kg7 32. Qc1 c5 33. bxc5 bxc5 34. Rxc5
Qa7 35. Nxh5+ gxh5 36. Rxf5 Re6 37. Rg5+ Rg6 38. Rxg6+ fxg6 39. Rc7+ Qxc7 40.
Qxc7+ Rf7 41. Qc2 Nh6 42. Qc6 Nf5 43. Qxd5 Rc7 44. e6 Rc3 45. Qd7+ Kf6 1-0

[Event "4ème Open des Basses Vallées Angevines"]
[Site "Cantenay-Epinard"]
[Date "2015.12.19"]
[Round "3.4"]
[White "Tricarico, Pasquale"]
[Black "Batteux, Mickael"]
[Result "0-1"]
[WhiteElo "1399"]
[BlackElo "2104"]
[PlyCount "118"]
[EventDate "2015.12.??"]
[EventRounds "5"]
[WhiteTeam "L'Echiquier Angevin"]
[BlackTeam "Fillé sur Sarthe"]

1. e3 g6 2. d4 Bg7 3. Nf3 c5 4. c4 Nf6 5. d5 d6 6. Be2 O-O 7. O-O b5 8. cxb5 a6
9. Nc3 Bb7 10. e4 axb5 11. Bxb5 Na6 12. a3 Nc7 13. Bc4 Ba6 14. Qe2 Nd7 15. Bxa6
Rxa6 16. Bf4 Rb6 17. Rab1 Qa8 18. Rfc1 Rfb8 19. h3 Rb3 20. Nd1 Nb5 21. Qc2 Nd4
22. Nxd4 Bxd4 23. Bd2 Qb7 24. Bc3 Be5 25. Bxe5 Nxe5 26. Qe2 Nd7 27. Kh2 Nf6 28.
Rc3 Rb6 29. f3 Ne8 30. Qd2 Nc7 31. Qc1 Nb5 32. Rb3 Nd4 33. Rxb6 Qxb6 34. Ne3
Qb3 35. Ng4 Qd3 36. Nh6+ Kg7 37. Ng4 h5 38. Nf2 Qe2 39. Kg1 Rb3 40. a4 Qa6 41.
Qd2 Qxa4 42. Nd1 Rxf3 43. Kh1 Rf1+ 44. Kh2 Qb3 45. Ra1 h4 46. Qg5 Rxd1 47. Ra8
Qg3+ 48. Qxg3 hxg3+ 49. Kxg3 Rb1 50. Rb8 Kf6 51. Rb7 Rf1 52. h4 Ne2+ 53. Kh3
Nf4+ 54. Kg3 Nd3 55. Rb3 c4 56. Rc3 Rc1 57. Ra3 Nxb2 58. Rf3+ Kg7 59. Kf2 Rc3
0-1

[Event "4ème Open des Basses Vallées Angevines"]
[Site "Cantenay-Epinard"]
[Date "2015.12.19"]
[Round "3.5"]
[White "Aumont, Eric"]
[Black "Vernerey, Laurent"]
[Result "0-1"]
[WhiteElo "1699"]
[BlackElo "1909"]
[PlyCount "48"]
[EventDate "2015.12.??"]
[EventRounds "5"]
[WhiteTeam "La Cavale du Fou"]
[BlackTeam "L'Echiquier Angevin"]

1. c4 e5 2. Nc3 Nf6 3. g3 d5 4. cxd5 Nxd5 5. Bg2 Nb6 6. d3 Nc6 7. Nf3 Be7 8.
O-O O-O 9. Bd2 Be6 10. Na4 Nd5 11. Rc1 f5 12. Nc5 Bxc5 13. Rxc5 f4 14. b3 Qe7
15. Rc1 Rad8 16. Qc2 g5 17. Qb2 Qf6 18. Rc5 g4 19. Nh4 Nd4 20. Bxd5 Nxe2+ 21.
Kh1 Bxd5+ 22. Ng2 fxg3 23. Be3 Bxg2+ 24. Kxg2 Qf3# 0-1

[Event "4ème Open des Basses Vallées Angevines"]
[Site "Cantenay-Epinard"]
[Date "2015.12.19"]
[Round "3.6"]
[White "Andre, Victoria"]
[Black "Patarin, Arnaud"]
[Result "1-0"]
[WhiteElo "1380"]
[BlackElo "1823"]
[PlyCount "81"]
[EventDate "2015.12.??"]
[EventRounds "5"]
[WhiteTeam "Chevau-légers de la Choisille"]
[BlackTeam "Club d'Echecs d'Avoine"]

1. e4 c5 2. Nc3 e6 3. g3 Nc6 4. Bg2 a6 5. d3 Be7 6. f4 d6 7. Nf3 Nf6 8. O-O O-O
9. Be3 d5 10. Bf2 d4 11. Ne2 Ng4 12. Qd2 e5 13. h3 Nxf2 14. Rxf2 Bd6 15. f5 b5
16. g4 f6 17. h4 c4 18. g5 fxg5 19. hxg5 Bd7 20. Raf1 Qa5 21. Qxa5 Nxa5 22. Ng3
g6 23. f6 Rf7 24. Nh2 Rc8 25. Bf3 Nc6 26. Bg4 Bxg4 27. Nxg4 Bf8 28. Rh2 Re8 29.
Nh1 cxd3 30. cxd3 Nb4 31. Nhf2 Nxa2 32. Nh6+ Bxh6 33. Rxh6 Nb4 34. Rh3 Kf8 35.
Ng4 Rc8 36. Nxe5 Rb7 37. f7 Re7 38. Nxg6+ hxg6 39. Rh8+ Kg7 40. Rg8+ Kh7 41.
Rxc8 1-0

[Event "4ème Open des Basses Vallées Angevines"]
[Site "Cantenay-Epinard"]
[Date "2015.12.19"]
[Round "3.7"]
[White "Chapelain, Florent"]
[Black "Kollar, Guillaume"]
[Result "0-1"]
[WhiteElo "1846"]
[BlackElo "1333"]
[PlyCount "97"]
[EventDate "2015.12.??"]
[EventRounds "5"]
[WhiteTeam "Echecs-Passion Yffiniac"]
[BlackTeam "Club d'Echecs de la Bruffière"]

1. e4 c5 2. Nc3 d6 3. f4 Nf6 4. Nf3 Nc6 5. Bc4 e6 6. Qe2 Be7 7. d3 O-O 8. a4
Na5 9. Ba2 a6 10. O-O Rb8 11. Bd2 Bd7 12. e5 Nd5 13. Nxd5 exd5 14. Bxd5 Bc6 15.
Be4 Bxe4 16. dxe4 Nc6 17. exd6 Bxd6 18. e5 Re8 19. Qf2 Be7 20. Bc3 b5 21. axb5
axb5 22. Rfd1 Qc7 23. b3 b4 24. Bd2 Nd4 25. Be3 Nf5 26. Bd2 c4 27. Ra7 Qc8 28.
Rxe7 Rxe7 29. g4 Nh6 30. h3 cxb3 31. cxb3 Qc2 32. Qf1 Qxb3 33. Nd4 Qa4 34. Ra1
Qd7 35. Qc4 Qc7 36. Qxc7 Rxc7 37. g5 Rc4 38. Be3 b3 39. Nxb3 Nf5 40. Bd2 g6 41.
Na5 Rc2 42. Be1 Rbb2 43. Ra3 Rb1 44. Kf1 Rcc1 45. Kf2 Rxe1 46. Nc4 Rf1+ 47. Ke2
Rxf4 48. Nd6 Rb2+ 49. Kd3 0-1

[Event "4ème Open des Basses Vallées Angevines"]
[Site "Cantenay-Epinard"]
[Date "2015.12.19"]
[Round "3.9"]
[White "Gascoin, Dominique"]
[Black "Pineau, Mickael"]
[Result "0-1"]
[WhiteElo "1370"]
[BlackElo "1694"]
[PlyCount "80"]
[EventDate "2015.12.??"]
[EventRounds "5"]
[WhiteTeam "L'Echiquier Angevin"]
[BlackTeam "Club d'Echecs de la Bruffière"]

1. c4 Nf6 2. d4 g6 3. Nc3 Bg7 4. e4 d6 5. Be3 c6 6. Be2 O-O 7. Nf3 a6 8. a4 b6
9. O-O Bb7 10. Qc1 Re8 11. e5 dxe5 12. dxe5 Ng4 13. Rd1 Qc7 14. Rb1 Nxe3 15.
Qxe3 e6 16. Rd6 Nd7 17. Rbd1 Re7 18. b4 c5 19. b5 axb5 20. Nxb5 Qc8 21. Qg5 f6
22. exf6 Bxf6 23. Qd2 Bc6 24. Ng5 Nf8 25. Rd8 Qxd8 26. Qxd8 Rxd8 27. Rxd8 Bxg5
28. Rd6 Bxb5 29. axb5 Rb7 30. g3 Kf7 31. Bf3 Rb8 32. Bc6 Ke7 33. Rd3 Bf6 34. h4
Bd4 35. Ra3 h6 36. Kg2 Kd6 37. Rf3 Nd7 38. Rf7 Ne5 39. Rf6 Nxc6 40. bxc6 Bxf6
0-1

[Event "4ème Open des Basses Vallées Angevines"]
[Site "Cantenay-Epinard"]
[Date "2015.12.19"]
[Round "3.10"]
[White "Joyeux, Gerard"]
[Black "Garcion, Ilan"]
[Result "1-0"]
[WhiteElo "1621"]
[BlackElo "1310"]
[PlyCount "49"]
[EventDate "2015.12.??"]
[EventRounds "5"]
[WhiteTeam "Haute Bretagne Echecs"]
[BlackTeam "L'Echiquier Angevin"]

1. d4 Nf6 2. Nc3 e6 3. e4 c5 4. e5 Nd5 5. Nxd5 exd5 6. c3 Nc6 7. Nf3 d6 8. Bb5
Qb6 9. Bxc6+ Qxc6 10. O-O g6 11. Re1 Be6 12. Bg5 dxe5 13. Bf6 Rg8 14. Bxe5 Bd6
15. Bf6 Be7 16. Bxe7 Kxe7 17. dxc5 Qxc5 18. Ng5 Rge8 19. Qf3 Rf8 20. Nxh7 Rh8
21. Ng5 Rhf8 22. Rad1 Rad8 23. b3 Rh8 24. Qxf7+ Kd6 25. Rxe6# 1-0

[Event "4ème Open des Basses Vallées Angevines"]
[Site "Cantenay-Epinard"]
[Date "2015.12.19"]
[Round "3.11"]
[White "Bobard, Antonin"]
[Black "Delafenetre, Alexandre"]
[Result "0-1"]
[WhiteElo "1326"]
[BlackElo "1604"]
[PlyCount "102"]
[EventDate "2015.12.??"]
[EventRounds "5"]
[WhiteTeam "La Cavale du Fou"]
[BlackTeam "Echiquier Bleu Roi"]

1. c4 c6 2. Nf3 d5 3. cxd5 cxd5 4. d4 Nc6 5. Nc3 Nf6 6. Bg5 Ne4 7. Nxe4 dxe4 8.
d5 exf3 9. dxc6 Qxd1+ 10. Rxd1 fxe2 11. Bxe2 bxc6 12. Bf3 Bb7 13. O-O h6 14.
Bh4 g5 15. Bg3 Bg7 16. b3 Bf6 17. Rd2 e6 18. Rd6 O-O 19. Bxc6 Bxc6 20. Rxc6
Rac8 21. Rfc1 Rxc6 22. Rxc6 Rd8 23. Rd6 Rc8 24. Kf1 h5 25. f3 Rc1+ 26. Ke2 Rc2+
27. Rd2 Rc6 28. Bf2 a6 29. Bd4 Bxd4 30. Rxd4 Kg7 31. Ke3 Kg6 32. b4 e5 33. Rd3
Rc2 34. Rd2 Rc6 35. Rd3 f6 36. a4 Rc4 37. Rb3 Kf5 38. h3 Ke6 39. a5 Rc2 40. g4
hxg4 41. hxg4 Ra2 42. Rc3 Kd5 43. Rc5+ Kd6 44. Ke4 Ra3 45. Rd5+ Kc6 46. Rc5+
Kb7 47. Rd5 Rb3 48. Rd7+ Kc6 49. Rf7 Rxb4+ 50. Kf5 Rf4+ 51. Ke6 Rxf3 0-1

[Event "4ème Open des Basses Vallées Angevines"]
[Site "Cantenay-Epinard"]
[Date "2015.12.19"]
[Round "3.12"]
[White "Gentilhomme, Loic"]
[Black "Bremaud, Vincent"]
[Result "1-0"]
[WhiteElo "1588"]
[BlackElo "1299"]
[PlyCount "89"]
[EventDate "2015.12.??"]
[EventRounds "5"]
[WhiteTeam "Fillé sur Sarthe"]
[BlackTeam "L'Echiquier Angevin"]

1. d4 d5 2. Nf3 Nc6 3. Bg5 f6 4. Bf4 Bf5 5. c3 e6 6. e3 Bd6 7. Bxd6 Qxd6 8. Nh4
Nh6 9. Bb5 Be4 10. Nd2 a6 11. Ba4 e5 12. Nxe4 dxe4 13. O-O Rd8 14. g3 O-O 15.
Bb3+ Kh8 16. Qe2 exd4 17. cxd4 Nb4 18. Rab1 f5 19. a3 Nd3 20. Bc2 f4 21. gxf4
Qe7 22. Ng2 Rd6 23. f3 Rg6 24. Kh1 c5 25. fxe4 Qxe4 26. Bxd3 Qc6 27. Bxg6 Qxg6
28. Nh4 Qe4+ 29. Qf3 Qe7 30. Ng2 c4 31. e4 Qd6 32. d5 b5 33. e5 Qd7 34. e6 Qd6
35. Rbe1 Nf5 36. Qe4 g6 37. Qe5+ Qxe5 38. fxe5 a5 39. d6 b4 40. axb4 axb4 41.
e7 Re8 42. d7 Rxe7 43. d8=Q+ Kg7 44. Rxf5 Rb7 45. Qf8# 1-0

[Event "4ème Open des Basses Vallées Angevines"]
[Site "Cantenay-Epinard"]
[Date "2015.12.19"]
[Round "3.13"]
[White "Sureau, Corentin"]
[Black "Potiron, Nicolas"]
[Result "0-1"]
[WhiteElo "1340"]
[BlackElo "1577"]
[PlyCount "80"]
[EventDate "2015.12.??"]
[EventRounds "5"]
[WhiteTeam "La Cavale du Fou"]
[BlackTeam "Club d'Echecs de la Bruffière"]

1. e4 d6 2. d4 Nf6 3. Nc3 Bd7 4. h3 e6 5. Nf3 c5 6. Bc4 Nxe4 7. Nxe4 d5 8. Nxc5
Bxc5 9. dxc5 dxc4 10. O-O O-O 11. Ne5 Qc7 12. Bf4 Qd8 13. Qf3 Bc6 14. Qg4 Bd5
15. Bh6 Qf6 16. Bf4 Rc8 17. b4 Nc6 18. c3 Nxe5 19. Bxe5 Qxe5 20. Rac1 Qe4 21.
Rfe1 Qxg4 22. hxg4 a5 23. b5 Rxc5 24. Rb1 a4 25. Re5 f6 26. Re3 b6 27. f4 Ra5
28. Rbe1 Raxb5 29. f5 e5 30. g5 Rb2 31. gxf6 Rxg2+ 32. Kf1 gxf6 33. Rb1 b5 34.
Re2 Rxe2 35. Kxe2 Kf7 36. Rg1 Be4 37. Kf2 Bd3 38. Kg3 e4 39. Kh4 Rxf5 40. Kg4
Rg5+ 0-1

[Event "4ème Open des Basses Vallées Angevines"]
[Site "Cantenay-Epinard"]
[Date "2015.12.19"]
[Round "3.14"]
[White "Delafenetre, Franck"]
[Black "Darniere, Simon"]
[Result "0-1"]
[WhiteElo "1576"]
[BlackElo "1199"]
[PlyCount "144"]
[EventDate "2015.12.??"]
[EventRounds "5"]
[WhiteTeam "Echiquier Bleu Roi"]
[BlackTeam "L'Echiquier Angevin"]

1. d4 d5 2. c4 Nf6 3. Nc3 Nc6 4. Nf3 Bg4 5. Qb3 b6 6. Qb5 Qd7 7. Ne5 Nxd4 8.
Nxd7 Nxb5 9. Nxb5 Kxd7 10. Bf4 c6 11. Nc3 dxc4 12. Rd1+ Ke8 13. g3 e6 14. Bg2
Rc8 15. O-O Nd5 16. Nxd5 cxd5 17. f3 Bc5+ 18. Kh1 Bf5 19. e4 dxe4 20. fxe4 Bg4
21. Rc1 Bd4 22. Rc2 e5 23. Bd2 f6 24. Rfc1 Be6 25. Bf1 b5 26. Bb4 Kf7 27. b3
Rhd8 28. bxc4 bxc4 29. a3 Rc6 30. Bxc4 Rxc4 31. Rxc4 Bxc4 32. Rxc4 Bb6 33. Kg2
Rd4 34. Rxd4 Bxd4 35. Kf3 Ke6 36. g4 g6 37. h3 f5 38. g5 f4 39. Ke2 Kf7 40. Kf3
Kg7 41. Kg4 h6 42. h4 h5+ 43. Kf3 Kf7 44. Ke2 Ke6 45. Kf3 Kd7 46. a4 Kc6 47. a5
Kb5 48. Bd2 Bc5 49. Bc3 Bd4 50. Bd2 Kc4 51. Bc1 Bc3 52. Bxf4 exf4 53. Kxf4 Bxa5
54. Ke5 Bc7+ 55. Kf6 Kd4 56. Kxg6 Be5 57. Kxh5 a5 58. Kg6 a4 59. h5 a3 60. h6
a2 61. Kh7 a1=Q 62. g6 Qh1 63. g7 Bxg7 64. Kxg7 Qg2+ 65. Kh8 Qg5 66. h7 Qd8+
67. Kg7 Qe7+ 68. Kg8 Qg5+ 69. Kh8 Qg6 70. e5 Ke4 71. e6 Kf5 72. e7 Kf6 0-1

[Event "4ème Open des Basses Vallées Angevines"]
[Site "Cantenay-Epinard"]
[Date "2015.12.19"]
[Round "3.15"]
[White "Bremaud, Louis"]
[Black "Gautier, Michel"]
[Result "0-1"]
[WhiteElo "1299"]
[BlackElo "1574"]
[PlyCount "44"]
[EventDate "2015.12.??"]
[EventRounds "5"]
[WhiteTeam "L'Echiquier Angevin"]
[BlackTeam "La Cavale du Fou"]

1. e4 c5 2. Bc4 e6 3. Nc3 a6 4. a3 b5 5. Be2 Bb7 6. d3 Qc7 7. Nh3 Nc6 8. Bg4
Nf6 9. f4 Nxg4 10. Qxg4 O-O-O 11. f5 h5 12. Qf3 Ne5 13. Qf4 d5 14. fxe6 Bd6 15.
Qf5 fxe6 16. Qxe6+ Kb8 17. Nxd5 Bxd5 18. Qxd5 c4 19. O-O Bc5+ 20. Kh1 Rxd5 21.
exd5 Ng4 22. dxc4 Qxh2# 0-1

[Event "4ème Open des Basses Vallées Angevines"]
[Site "Cantenay-Epinard"]
[Date "2015.12.19"]
[Round "3.16"]
[White "Deportes, Anouk"]
[Black "Lebreton, Bertrand"]
[Result "1-0"]
[WhiteElo "1565"]
[BlackElo "1180"]
[PlyCount "103"]
[EventDate "2015.12.??"]
[EventRounds "5"]
[WhiteTeam "L'Echiquier Angevin"]
[BlackTeam "L'Echiquier Angevin"]

1. e4 c5 2. Nf3 Nc6 3. d4 b6 4. c3 Bb7 5. Bd3 e6 6. Bf4 Be7 7. Nbd2 Nf6 8. Nc4
d5 9. exd5 Nxd5 10. Bg3 O-O 11. Ne3 Nxe3 12. fxe3 Bf6 13. O-O cxd4 14. exd4 Ne7
15. Qc2 g6 16. Be4 Nd5 17. Qe2 Qe7 18. a3 Bg5 19. Nxg5 Qxg5 20. c4 f5 21. Bf3
Rae8 22. cxd5 exd5 23. Be5 Rc8 24. Rfe1 Rfe8 25. Qb5 Qd8 26. Rac1 Rxc1 27. Rxc1
h5 28. Rc7 Rxe5 29. Rxb7 Re1+ 30. Kf2 Rc1 31. Qxd5+ Qxd5 32. Bxd5+ Kh8 33. b4
g5 34. Rxa7 f4 35. Rf7 Rd1 36. Rf5 Rxd4 37. Rxg5 Rd3 38. a4 Rd4 39. Rxh5+ Kg7
40. b5 Rxa4 41. Bc6 Kg6 42. Rh8 Ra1 43. Rb8 Rh1 44. h3 Kg5 45. Rxb6 Rc1 46. Bf3
Rc2+ 47. Be2 Kf5 48. Rd6 Ke4 49. b6 Rb2 50. Rh6 Ke5 51. Rh5+ Ke4 52. Rb5 1-0

[Event "4ème Open des Basses Vallées Angevines"]
[Site "Cantenay-Epinard"]
[Date "2015.12.19"]
[Round "3.17"]
[White "Sonzogni, Michel"]
[Black "Garcion, Emmanuel"]
[Result "0-1"]
[WhiteElo "1306"]
[BlackElo "1550"]
[PlyCount "71"]
[EventDate "2015.12.??"]
[EventRounds "5"]
[WhiteTeam "L'Echiquier Angevin"]
[BlackTeam "L'Echiquier Angevin"]

1. e4 d5 2. exd5 Qxd5 3. Nf3 Nf6 4. b3 Bg4 5. Be2 e6 6. Bb2 Be7 7. O-O c6 8.
Nc3 Qa5 9. a3 Nbd7 10. b4 Qd8 11. Nd4 Bxe2 12. Qxe2 O-O 13. Nf3 Nd5 14. Rad1
Bf6 15. d4 a5 16. b5 Qb6 17. a4 Rfe8 18. Ne4 Qc7 19. Rfe1 cxb5 20. Qxb5 Qc6 21.
c4 Qxb5 22. cxb5 N7b6 23. Nd6 Re7 24. Ba3 Nxa4 25. Ne4 Ree8 26. Rc1 Be7 27.
Bxe7 Rxe7 28. Re2 Rc7 29. Ra1 Nac3 30. Nxc3 Rxc3 31. h3 b6 32. Ne5 Rb3 33. Rc2
Rxb5 34. g4 h6 35. Kg2 Rb3 36. f3 0-1

[Event "4ème Open des Basses Vallées Angevines"]
[Site "Cantenay-Epinard"]
[Date "2015.12.19"]
[Round "3.18"]
[White "Pionnier, Camille"]
[Black "Voisine, Mathieu"]
[Result "1-0"]
[WhiteElo "1547"]
[BlackElo "1148"]
[PlyCount "39"]
[EventDate "2015.12.??"]
[EventRounds "5"]
[WhiteTeam "Club d'Echecs d'Avoine"]
[BlackTeam "La Cavale du Fou"]

1. d4 d5 2. c4 c6 3. Nf3 Nf6 4. e3 e6 5. b3 Bb4+ 6. Nbd2 O-O 7. Bb2 Bd6 8. Bd3
c5 9. dxc5 Bxc5 10. O-O Nc6 11. Rc1 d4 12. exd4 Nxd4 13. Ne4 Nxf3+ 14. Qxf3 Bb6
15. Nxf6+ Qxf6 16. Bxf6 gxf6 17. Bxh7+ Kxh7 18. Qh5+ Kg7 19. Qg4+ Kh7 20. Rc3
1-0